00580 2200193 4500001002100000005001500021035002000036245010700056100002700163250000600190300003400196700001800230260003900248082001200287084001800299020002200317650003000339990001700369INLIS00000000000134020190912015334 a0010-09190000441 aUmar ibn Al-Khahthab :bKhalifah Penegak Keadilan /ckhalid Muhammad Khalid; Penerjemah, Rashid Satari0 akhalid Muhammad Khalid a- a188 hlm. :bilus. ;c23,2 cm.0 aRashid Satari aBandung :bPT Mizan Pustaka,c2014 a297.648 a297.648 KHA u a978-602-1337-15-8 aSahabat Nabi Muhammad SAW a04680/H/2018